Rasool Ullah (SAW) kay do hazar Mujzaat (Record no. 325634)

000 -LEADER
fixed length control field 00393 a2200133 4500
001 - CONTROL NUMBER
control field 90561
082 ## - DEWEY DECIMAL CLASSIFICATION NUMBER
Classification number 297.63 MUH
090 ## - LOCALLY ASSIGNED LC-TYPE CALL NUMBER (OCLC); LOCAL CALL NUMBER (RLIN)
-- 42896
-- 42896
100 ## - MAIN ENTRY--PERSONAL NAME
Personal name Muhammad Akhtar Nawaz Khan Al Qadri
245 ## - TITLE STATEMENT
Title Rasool Ullah (SAW) kay do hazar Mujzaat
Statement of responsibility, etc. Muhammad Akhtar Nawaz Dr
Medium Urdu
260 ## - PUBLICATION, DISTRIBUTION, ETC.
Place of publication, distribution, etc. Rawalpindi
Name of publisher, distributor, etc. Romail House Publication
Date of publication, distribution, etc. 2014
300 ## - PHYSICAL DESCRIPTION
Extent 976p.
500 ## - GENERAL NOTE
General note General Collection
942 ## - ADDED ENTRY ELEMENTS (KOHA)
Institution code [OBSOLETE] CAE NUST
Call number prefix 297.63 MUH
Holdings
Withdrawn status Lost status Damaged status Not for loan Collection code Permanent Location Current Location Date acquired Total Checkouts Full call number Barcode Date last seen Price effective from Koha item type
          College of Aeronautical Engineering (CAE) College of Aeronautical Engineering (CAE) 04/03/2017   297.63 MUH CAE87873 04/05/2017 04/05/2017 Book
© 2023 Central Library, National University of Sciences and Technology. All Rights Reserved.